[Event "ICS rated blitz match"]
[Site "204.178.125.65"]
[Date "2000.10.11"]
[Round "?"]
[White "Hossa"]
[Black "RebelTiger"]
[Result "0-1"]
[WhiteElo "2557"]
[BlackElo "2873"]
[PlyCount "98"]
[EventDate "2000.??.??"]

1. e4 c5 2. Nf3 e6 3. d4 cxd4 4. Nxd4 a6 5. Bd3 Bc5 6. Nb3 Ba7 7. O-O Nc6 8.
Qe2 d6 9. Be3 Bxe3 10. Qxe3 Nf6 11. c4 O-O 12. Rd1 Bd7 13. c5 d5 14. Nc3 Qc7
15. Be2 Ne7 16. Qg5 dxe4 17. Nxe4 Nxe4 18. Qxe7 Qf4 19. Bf3 Bc6 20. Bxe4 Bxe4
21. Rd4 e5 22. Rd2 Rae8 23. Qd7 Re6 24. f3 Bc6 25. Qc7 Rh6 26. h3 Rxh3 27. gxh3
Qg3+ 28. Kf1 Qxh3+ 29. Kg1 Qg3+ 30. Rg2 Qxf3 31. Rd2 f6 32. a4 Qxb3 33. Ra3 Qc4
34. Qa5 Qe4 35. Kf2 Qg2+ 36. Ke1 Qg1+ 37. Ke2 Be8 38. Qc7 Bh5+ 39. Kd3 Qb1+ 40.
Kc3 Qc1+ 41. Rc2 Qe3+ 42. Kb4 a5+ 43. Qxa5 Qd4+ 44. Rc4 Qxb2+ 45. Rb3 Qd2+ 46.
Rcc3 Bf7 47. Qb5 Rd8 48. Qxb7 Bxb3 49. Kxb3 Qd1+ {Hossa resigns} 0-1

[Event "ICS rated standard match"]
[Site "204.178.125.65"]
[Date "2000.10.11"]
[Round "?"]
[White "RebelTiger"]
[Black "Hossa"]
[Result "1-0"]
[WhiteElo "2621"]
[BlackElo "2423"]
[PlyCount "49"]
[EventDate "2000.??.??"]

1. e4 e5 2. Nf3 Nc6 3. Bb5 a6 4. Ba4 Nf6 5. O-O Be7 6. Re1 b5 7. Bb3 d6 8. c3
O-O 9. h3 Bb7 10. d4 Re8 11. Nbd2 Bf8 12. a4 h6 13. Bc2 exd4 14. cxd4 Nb4 15.
Bb1 c5 16. d5 Nd7 17. Ra3 f5 18. Nh2 fxe4 19. Nxe4 Nxd5 20. Rg3 Kh8 21. Ng4
bxa4 22. Bd2 Rb8 23. Re2 Qh4 24. Qc2 g6 25. Nxd6 {Hossa resigns} 1-0

[Event "ICS rated standard match"]
[Site "204.178.125.65"]
[Date "2000.10.11"]
[Round "?"]
[White "Hossa"]
[Black "RebelTiger"]
[Result "0-1"]
[WhiteElo "2415"]
[BlackElo "2629"]
[PlyCount "76"]
[EventDate "2000.??.??"]

1. d4 d5 2. c4 dxc4 3. Nf3 Nf6 4. e3 e6 5. Bxc4 c5 6. O-O a6 7. Qe2 b5 8. Bb3
Bb7 9. a4 b4 10. Rd1 Nbd7 11. Nbd2 Qc7 12. a5 Be7 13. dxc5 Nxc5 14. Bc4 O-O 15.
Nb3 Ng4 16. Nbd4 Rfc8 17. Bd2 Bd6 18. Rdc1 Bxh2+ 19. Kf1 Bd6 20. Nxe6 Qe7 21.
Nxc5 Rxc5 22. Kg1 Rh5 23. Bd3 Ne5 24. e4 Nxd3 25. Qxd3 Bxe4 26. Qe2 Qb7 27. Re1
Re8 28. Qc4 h6 29. Qd4 Bc5 30. Qc4 Re6 31. Rac1 Bxf3 32. Rxe6 Bxg2 33. Re8+ Kh7
34. Qc2+ g6 35. Qxg6+ fxg6 36. Re7+ Bxe7 37. f3 Qxf3 38. Rc7 Rh1# {
Hossa checkmated} 0-1

[Event "ICS rated blitz match"]
[Site "204.178.125.65"]
[Date "2000.10.11"]
[Round "?"]
[White "QueenMaxima"]
[Black "Hossa"]
[Result "0-1"]
[WhiteElo "2574"]
[BlackElo "2553"]
[PlyCount "174"]
[EventDate "2000.??.??"]

1. e3 g6 2. d4 Bg7 3. Nc3 d5 4. Nf3 Nf6 5. Bd3 O-O 6. O-O Nc6 7. b3 Nb4 8. Ba3
a5 9. Qe2 c6 10. Rac1 Bg4 11. h3 Bd7 12. Ne5 Bc8 13. Rfd1 b6 14. Na4 Qc7 15. c4
Nxd3 16. Nxd3 Ba6 17. cxd5 Nxd5 18. Qc2 Rac8 19. Kh1 Bh6 20. Nab2 Bxe3 21. fxe3
Nxe3 22. Qe2 Nxd1 23. Rxd1 Rfe8 24. Rf1 Rcd8 25. Qe3 f6 26. Nc4 Qd7 27. Nf4 b5
28. Qe6+ Qxe6 29. Nxe6 bxc4 30. Nxd8 cxb3 31. Rc1 Rxd8 32. axb3 Rd7 33. Rxc6
Bb7 34. Rb6 Bd5 35. Rb5 Kf7 36. Bc5 Rd8 37. Rxa5 Bxb3 38. Ra7 Re8 39. Kg1 Bd5
40. Kf2 Be4 41. g3 g5 42. g4 Ke6 43. Ke3 Bg2 44. Kf2 Bxh3 45. Kg3 Bf1 46. d5+
Kxd5 47. Bxe7 Ke6 48. Bb4 Bd3 49. Kf2 f5 50. Rxh7 fxg4 51. Rc7 Rb8 52. Rc6+ Kf7
53. Rc7+ Kg6 54. Bd6 Rd8 55. Be7 Re8 56. Ke3 Bf5 57. Kf2 Be4 58. Kg3 Bf3 59.
Ra7 Rg8 60. Ra5 Kh5 61. Re5 Rg6 62. Kf2 Kh4 63. Ke3 Kh3 64. Bxg5 Rb6 65. Re8
Rb3+ 66. Kf4 g3 67. Rh8+ Kg2 68. Bh4 Rb4+ 69. Kf5 Rb5+ 70. Kf4 Rc5 71. Bxg3
Rc4+ 72. Kf5 Be4+ 73. Kg5 Kxg3 74. Rg8 Rc5+ 75. Kf6+ Kf4 76. Rh8 Rc6+ 77. Kf7
Rd6 78. Rg8 Ke5 79. Rh8 Rd7+ 80. Kf8 Bh7 81. Ke8 Kd6 82. Kf8 Ke6 83. Rxh7 Rxh7
84. Kg8 Rf7 85. Kh8 Kf6 86. Kg8 Kg6 87. Kh8 Rf8# {QueenMaxima checkmated} 0-1

[Event "ICS rated bullet match"]
[Site "204.178.125.65"]
[Date "2000.10.11"]
[Round "?"]
[White "lambChop"]
[Black "Hossa"]
[Result "1/2-1/2"]
[WhiteElo "2407"]
[BlackElo "2388"]
[PlyCount "62"]
[EventDate "2000.??.??"]

1. c4 e5 2. Nc3 Nf6 3. Nf3 Nc6 4. g3 Bb4 5. Nd5 Bc5 6. Bg2 d6 7. O-O O-O 8. e3
Bg4 9. h3 Bh5 10. d3 Nxd5 11. cxd5 Nb4 12. d4 exd4 13. exd4 Bb6 14. Qb3 Bxf3
15. Bxf3 Qf6 16. Bg2 a5 17. a3 Na6 18. Be3 Bxd4 19. Rae1 Nc5 20. Bxd4 Qxd4 21.
Qb5 f5 22. Re7 f4 23. gxf4 Qxf4 24. Rxc7 Qg5 25. Re1 a4 26. Ree7 Qc1+ 27. Kh2
Qf4+ 28. Kh1 Qc1+ 29. Kh2 Qf4+ 30. Kh1 Qc1+ 31. Kh2 Qf4+ {
Game drawn by repetition} 1/2-1/2

[Event "ICS rated bullet match"]
[Site "204.178.125.65"]
[Date "2000.10.11"]
[Round "?"]
[White "lambChop"]
[Black "Hossa"]
[Result "1-0"]
[WhiteElo "2389"]
[BlackElo "2406"]
[PlyCount "75"]
[EventDate "2000.??.??"]

1. e4 e5 2. Nf3 Nc6 3. Bb5 a6 4. Ba4 Nf6 5. O-O Be7 6. Re1 b5 7. Bb3 d6 8. c3
O-O 9. h3 Bb7 10. d4 Re8 11. Nbd2 Bf8 12. a4 h6 13. Bc2 exd4 14. cxd4 Nb4 15.
Bb1 c5 16. Ra3 cxd4 17. Nxd4 bxa4 18. Rxa4 Qb6 19. Nf5 d5 20. e5 Bc5 21. Nxg7
Bxf2+ 22. Kh1 Bc6 23. Nxe8 Rxe8 24. Rxb4 Qxb4 25. Rf1 Bh4 26. exf6 Re6 27. Qh5
Bg5 28. Nf3 Qc4 29. Rd1 Bxc1 30. Bh7+ Kf8 31. Ne5 Rxe5 32. Qxe5 Qb4 33. Rxc1
Bd7 34. Rc7 Be6 35. Qg3 Qe1+ 36. Qxe1 Ke8 37. Qb4 Bxh3 38. Qe7# {
Hossa checkmated} 1-0

[Event "ICS rated bullet match"]
[Site "204.178.125.65"]
[Date "2000.10.11"]
[Round "?"]
[White "Hossa"]
[Black "lambChop"]
[Result "1-0"]
[WhiteElo "2389"]
[BlackElo "2406"]
[PlyCount "49"]
[EventDate "2000.??.??"]

1. e4 e5 2. Nf3 Nc6 3. Bb5 a6 4. Ba4 Nf6 5. d3 b5 6. Bb3 d5 7. exd5 Nxd5 8. a4
Bb4+ 9. c3 Ba5 10. Qe2 Bg4 11. Qe4 Bxf3 12. Qxf3 Nce7 13. O-O Bb6 14. axb5 axb5
15. Rxa8 Qxa8 16. c4 bxc4 17. dxc4 Qa1 18. Na3 c6 19. cxd5 cxd5 20. Bxd5 Nxd5
21. Qxd5 O-O 22. Be3 Qxb2 23. Nc4 Qb3 24. Nxb6 Qxd5 25. Nxd5 {lambChop resigns}
1-0

[Event "ICS rated bullet match"]
[Site "204.178.125.65"]
[Date "2000.10.11"]
[Round "?"]
[White "lambChop"]
[Black "Hossa"]
[Result "0-1"]
[WhiteElo "2389"]
[BlackElo "2406"]
[PlyCount "78"]
[EventDate "2000.??.??"]

1. e4 e5 2. Nf3 Nc6 3. Bb5 a6 4. Ba4 Nf6 5. O-O b5 6. Bb3 Nxe4 7. Re1 d5 8. d3
Nf6 9. Nxe5 Nxe5 10. Rxe5+ Be6 11. Nc3 Bd6 12. Re1 O-O 13. Bg5 c6 14. Qf3 Re8
15. d4 b4 16. Bxf6 Qxf6 17. Qxf6 gxf6 18. Na4 Kg7 19. Nc5 Bxc5 20. dxc5 Bf5 21.
Ba4 Re6 22. Rxe6 fxe6 23. a3 a5 24. Bxc6 Rc8 25. Ba4 Rxc5 26. axb4 axb4 27. Re1
d4 28. Bb3 Bxc2 29. Bxe6 d3 30. Ra1 d2 31. Bg4 Bf5 32. Ra7+ Kh6 33. Bd1 Rc1 34.
h4 Rxd1+ 35. Kh2 Re1 36. Ra6 d1=Q 37. Rxf6+ Kh5 38. Rxf5+ Kg4 39. Rg5+ Kxh4 {
lambChop resigns} 0-1

[Event "ICS rated bullet match"]
[Site "204.178.125.65"]
[Date "2000.10.11"]
[Round "?"]
[White "Hossa"]
[Black "lambChop"]
[Result "0-1"]
[WhiteElo "2421"]
[BlackElo "2374"]
[PlyCount "66"]
[EventDate "2000.??.??"]

1. d4 Nf6 2. c4 g6 3. Nc3 Bg7 4. e4 d6 5. Nf3 O-O 6. Be2 e5 7. O-O Nc6 8. d5
Ne7 9. Ne1 Nd7 10. Nd3 f5 11. Bd2 Nf6 12. f3 f4 13. g4 h5 14. h3 Bd7 15. g5 Nh7
16. h4 c6 17. Qb3 cxd5 18. cxd5 Qc7 19. Nf2 Rac8 20. Nb5 Qb6 21. Nxd6 Qxd6 22.
Bb4 Qb6 23. d6+ Nd5 24. Qxd5+ Kh8 25. a3 Rc2 26. Bd3 Rxb2 27. Ba5 Qe3 28. Bc3
Qxf3 29. Bxb2 Qg3+ 30. Kh1 f3 31. Qg8+ Rxg8 32. Rg1 Qxh4+ 33. Nh3 Qxh3# {
Hossa checkmated} 0-1

[Event "ICS rated blitz match"]
[Site "204.178.125.65"]
[Date "2000.10.11"]
[Round "?"]
[White "lambChop"]
[Black "Hossa"]
[Result "1-0"]
[WhiteElo "2555"]
[BlackElo "2570"]
[PlyCount "135"]
[EventDate "2000.??.??"]

1. e4 e5 2. Nf3 Nc6 3. d4 exd4 4. Nxd4 Nf6 5. Nxc6 bxc6 6. e5 Qe7 7. Qe2 Nd5 8.
c4 Ba6 9. Qe4 Nb6 10. Nd2 d5 11. exd6 cxd6 12. b3 d5 13. Qxe7+ Bxe7 14. Bb2 O-O
15. cxd5 Bxf1 16. Kxf1 cxd5 17. Re1 Rfe8 18. Nf3 Rac8 19. Bd4 Bb4 20. Rxe8+
Rxe8 21. Be3 Rc8 22. Nd4 Bc5 23. Ke2 Bxd4 24. Bxd4 Rc2+ 25. Kd3 Rxa2 26. Re1 f6
27. Re7 Ra3 28. Kc2 Kf8 29. Rc7 Ra2+ 30. Kb1 Ra6 31. Kb2 h6 32. Rc5 Kf7 33.
Rc7+ Kg6 34. Bc5 h5 35. Bf8 Ra5 36. Rxg7+ Kf5 37. Kc3 Ra1 38. Bc5 Rc1+ 39. Kb4
Ra1 40. Bd4 Ra6 41. Rc7 Kg5 42. h4+ Kf5 43. f3 Kf4 44. Bxf6 Ra2 45. Rg7 Ke3 46.
Kc3 Ra1 47. Bd4+ Ke2 48. Rg5 Kf1 49. g4 Ke2 50. Bxb6 axb6 51. gxh5 Rc1+ 52. Kd4
Rd1+ 53. Ke5 Rh1 54. f4 Rxh4 55. f5 d4 56. f6 d3 57. f7 Rb4 58. f8=Q Rb5+ 59.
Ke4 Rxg5 60. Qf3+ Kd2 61. Qxd3+ Kc1 62. Qe3+ Kc2 63. Qxg5 b5 64. Qxb5 Kd2 65.
Qc6 Ke2 66. Qc2+ Kf1 67. Kf3 Ke1 68. Qc1# {Hossa checkmated} 1-0

[Event "ICS rated blitz match"]
[Site "204.178.125.65"]
[Date "2000.10.11"]
[Round "?"]
[White "Hossa"]
[Black "counterplay"]
[Result "1/2-1/2"]
[WhiteElo "2553"]
[BlackElo "2847"]
[PlyCount "127"]
[EventDate "2000.??.??"]

1. e4 d5 2. exd5 Qxd5 3. Nc3 Qa5 4. d4 c6 5. Nf3 Nf6 6. Bc4 Bf5 7. Qe2 e6 8.
Rb1 Bb4 9. O-O O-O 10. Bf4 b5 11. Bb3 Bxc3 12. bxc3 Nd5 13. Bd2 Nxc3 14. Qe3 b4
15. Bxc3 bxc3 16. Ne5 h5 17. Qg3 c5 18. dxc5 Na6 19. Nd7 Rfd8 20. Nf6+ Kf8 21.
Nxh5 g6 22. Nf6 Nxc5 23. Qg5 Nxb3 24. Rxb3 Qa6 25. Rxc3 Rdc8 26. Nd7+ Ke8 27.
Rxc8+ Rxc8 28. Nf6+ Kf8 29. Qh4 Kg7 30. Nd7 Bxc2 31. Qd4+ Kg8 32. Nf6+ Kf8 33.
Qh4 Qc4 34. Qh6+ Ke7 35. Qg5 Qc5 36. h4 Qxg5 37. hxg5 e5 38. Re1 Kd6 39. Re2
Rc4 40. Re3 Ra4 41. a3 Rd4 42. Kh2 Ke6 43. g4 Bd3 44. Kg3 Bc4 45. Rc3 a6 46.
Kf3 Kd6 47. Ke3 Ke6 48. f3 Ke7 49. Rc2 Bb5 50. Rc7+ Ke6 51. Rc3 Bc4 52. Kf2 a5
53. Kg3 Kd6 54. Rc1 a4 55. Ne4+ Ke7 56. Rc3 Bd5 57. Nf6 Ke6 58. Rc8 Rd3 59.
Re8+ Kd6 60. Rd8+ Kc5 61. Nd7+ Kd6 62. Nf6+ Kc5 63. Nd7+ Kd6 64. Nf6+ {
Game drawn by repetition} 1/2-1/2

[Event "ICS rated blitz match"]
[Site "204.178.125.65"]
[Date "2000.10.11"]
[Round "?"]
[White "Hossa"]
[Black "Colorado"]
[Result "0-1"]
[WhiteElo "2564"]
[BlackElo "2677"]
[PlyCount "116"]
[EventDate "2000.??.??"]

1. e4 d5 2. exd5 Qxd5 3. Nc3 Qa5 4. d4 c6 5. Nf3 Nf6 6. Bc4 Bf5 7. Qe2 e6 8.
Rb1 Bb4 9. O-O O-O 10. Bf4 Nbd7 11. Bb3 Bg6 12. Qe3 Ng4 13. Qd2 Ngf6 14. Qe3
Rae8 15. a3 Bxc3 16. Qxc3 Qf5 17. Qd2 Bh5 18. Nh4 Qg4 19. g3 Rc8 20. f3 Qh3 21.
Bd6 Rfd8 22. Qg5 h6 23. Qa5 Ra8 24. Be7 Re8 25. Bxf6 Nxf6 26. Qc7 Rab8 27. Qe5
Rbd8 28. c3 a6 29. Rfe1 b5 30. Re2 Rd7 31. Rf1 a5 32. a4 Rb7 33. Bc2 Rd8 34.
Qc5 Rc8 35. Ng2 Nd5 36. g4 Bg6 37. Bxg6 fxg6 38. Rxe6 Rb6 39. Rxc6 Rcxc6 40.
Qxd5+ Kh7 41. axb5 Rf6 42. c4 h5 43. gxh5 gxh5 44. Qe5 Rg6 45. Qe2 Rxg2+ 46.
Qxg2 Rg6 47. Qxg6+ Kxg6 48. Rf2 Qh4 49. f4 Kf5 50. Re2 Qf6 51. Re5+ Kxf4 52.
Kh1 Kg4 53. Kg1 Kf3 54. Kf1 Qf4 55. c5 Qc1+ 56. Re1 Qd2 57. Re2 Qxe2+ 58. Kg1
Qg2# {Hossa checkmated} 0-1

[Event "ICS rated blitz match"]
[Site "204.178.125.65"]
[Date "2000.10.11"]
[Round "?"]
[White "Athlon900"]
[Black "Hossa"]
[Result "1-0"]
[WhiteElo "2578"]
[BlackElo "2553"]
[PlyCount "93"]
[EventDate "2000.??.??"]

1. e4 d5 2. exd5 Qxd5 3. Nc3 Qa5 4. Nf3 Bg4 5. h3 Qh5 6. Be2 Nc6 7. O-O Bxh3 8.
Ne1 Qg6 9. Bh5 Qf5 10. gxh3 Nf6 11. Bg4 Nxg4 12. hxg4 Qg6 13. d4 O-O-O 14. d5
e6 15. Nd3 exd5 16. Nf4 Qh6 17. Nfxd5 Qh3 18. Bf4 Rd7 19. Nb5 h5 20. Re1 Bc5
21. g5 Bb6 22. c4 h4 23. Re4 Ba5 24. Nd4 Nxd4 25. Qxd4 Kb8 26. Be3 Bb6 27. Qxg7
Rhd8 28. Bxb6 axb6 29. Qe5 Rd6 30. Rae1 Qf3 31. Rxh4 b5 32. Qe7 bxc4 33. Qxc7+
Ka7 34. Qc5+ Kb8 35. Qc7+ Ka7 36. Ne3 Rd2 37. Rf4 Qh5 38. Qa5+ Kb8 39. Rxc4
R2d7 40. Ra4 Rh8 41. Qa7+ Kc8 42. Rc1+ Rc7 43. Rxc7+ Kxc7 44. Qc5+ Kd7 45. Rd4+
Ke8 46. Qc8+ Ke7 47. Nf5# {Hossa checkmated} 1-0

[Event "ICS rated blitz match"]
[Site "204.178.125.65"]
[Date "2000.10.11"]
[Round "?"]
[White "Colorado"]
[Black "Hossa"]
[Result "1-0"]
[WhiteElo "2657"]
[BlackElo "2538"]
[PlyCount "155"]
[EventDate "2000.??.??"]

1. e4 e5 2. Nf3 Nc6 3. Bb5 a6 4. Ba4 Nf6 5. O-O Nxe4 6. d4 b5 7. Bb3 d5 8. dxe5
Be6 9. c3 Be7 10. Nbd2 O-O 11. Bc2 f5 12. Nb3 Qd7 13. Nbd4 Nxd4 14. Nxd4 c5 15.
Nxe6 Qxe6 16. f3 Ng5 17. a4 b4 18. cxb4 cxb4 19. Bb3 Rfd8 20. Bxg5 Bxg5 21. f4
Be7 22. Qd4 Rd7 23. Rac1 Bd8 24. Qxb4 Bb6+ 25. Kh1 Be3 26. Rc2 g5 27. fxg5 Qxe5
28. Rd1 Kh8 29. Qa5 Bxg5 30. h3 Qe4 31. Rc5 Qe2 32. Qc3+ Rg7 33. Re1 Qd2 34.
Qxd2 Bxd2 35. Re2 Bb4 36. Rxd5 Rf8 37. Rf2 f4 38. Rd4 Rb8 39. Rfxf4 Bc5 40. Rd3
Rgb7 41. Bc4 Rxb2 42. Rd7 Rb1+ 43. Kh2 R1b7 44. Rff7 Rxd7 45. Rxd7 Ra8 46. Kg3
a5 47. Be6 Ra6 48. Bf5 Ra7 49. Rd5 Bb4 50. Kf4 Kg7 51. g4 Rb7 52. g5 Bc3 53. h4
Rb4+ 54. Be4 Rd4 55. Rc5 Bd2+ 56. Kf3 Rd7 57. h5 Rf7+ 58. Ke2 Bb4 59. h6+ Kg8
60. Rc8+ Rf8 61. Rc7 Re8 62. Kf3 Be7 63. Kg4 Bd6 64. Rg7+ Kf8 65. Bxh7 Re2 66.
g6 Rg2+ 67. Kf5 Ke8 68. Rb7 Be7 69. g7 Kd8 70. g8=Q+ Rxg8 71. Bxg8 Bc5 72. Be6
Bb4 73. Ke5 Ke8 74. Rxb4 axb4 75. Kd6 Kf8 76. Bb3 Ke8 77. h7 Kf8 78. h8=Q# {
Hossa checkmated} 1-0

[Event "ICS rated standard match"]
[Site "204.178.125.65"]
[Date "2000.10.11"]
[Round "?"]
[White "marag"]
[Black "Hossa"]
[Result "0-1"]
[WhiteElo "2007"]
[BlackElo "2408"]
[PlyCount "52"]
[EventDate "2000.??.??"]

1. d4 d5 2. e4 dxe4 3. Nc3 Nf6 4. f3 exf3 5. Nxf3 e6 6. Bd3 Be7 7. O-O Nc6 8.
Be3 Ng4 9. Qe2 Nxe3 10. Qxe3 O-O 11. Qe4 f5 12. Qe3 Nb4 13. Rad1 c5 14. Kh1 b6
15. d5 Nxd5 16. Nxd5 Qxd5 17. Bb5 Qxa2 18. Ra1 Qxb2 19. Bc6 Rb8 20. Qf4 Bb7 21.
Rxa7 Bxc6 22. Rxe7 Rbe8 23. Rc7 Bxf3 24. gxf3 Rf7 25. Rg1 Qd4 26. Rxf7 Kxf7 {
marag resigns} 0-1

[Event "ICS rated standard match"]
[Site "204.178.125.65"]
[Date "2000.10.11"]
[Round "?"]
[White "Hossa"]
[Black "psycho-swapper"]
[Result "1-0"]
[WhiteElo "2411"]
[BlackElo "2006"]
[PlyCount "41"]
[EventDate "2000.??.??"]

1. d4 Nf6 2. c4 g6 3. Nc3 d5 4. cxd5 Nxd5 5. e4 Nxc3 6. bxc3 Bg7 7. Bc4 c5 8.
Ne2 O-O 9. O-O cxd4 10. cxd4 Nc6 11. Be3 Na5 12. Bb5 a6 13. Bd3 Be6 14. d5 Bd7
15. Rc1 Bb5 16. Bf4 Rc8 17. Rxc8 Qxc8 18. Bxb5 axb5 19. Qb1 Qc4 20. Re1 Rc8 21.
Rc1 {psycho-swapper resigns} 1-0

[Event "ICS rated standard match"]
[Site "204.178.125.65"]
[Date "2000.10.11"]
[Round "?"]
[White "psycho-swapper"]
[Black "Hossa"]
[Result "0-1"]
[WhiteElo "2003"]
[BlackElo "2414"]
[PlyCount "51"]
[EventDate "2000.??.??"]

1. c4 e5 2. Nc3 Nf6 3. e4 Bc5 4. h3 d6 5. g4 Nc6 6. Bg2 O-O 7. Nge2 Be6 8. d3
Nd7 9. a3 Qf6 10. O-O Qh4 11. Be3 Bxe3 12. fxe3 h5 13. gxh5 Bxh3 14. Qe1 Qxh5
15. Qg3 Bg4 16. Bf3 Bxf3 17. Rxf3 Nc5 18. Nd5 f5 19. exf5 Nxd3 20. f6 Rf7 21.
Kg2 e4 22. Rf2 Nxf2 23. Kxf2 Ne5 24. Nef4 Nd3+ 25. Nxd3 exd3 26. Rb1 {
psycho-swapper resigns} 0-1

[Event "ICS rated blitz match"]
[Site "204.178.125.65"]
[Date "2000.10.11"]
[Round "?"]
[White "Hossa"]
[Black "QueenMaxima"]
[Result "1-0"]
[WhiteElo "2527"]
[BlackElo "2568"]
[PlyCount "135"]
[EventDate "2000.??.??"]

1. e4 c5 2. Nf3 e6 3. d4 cxd4 4. Nxd4 Nc6 5. Nc3 Qc7 6. Be2 a6 7. O-O Nf6 8.
Kh1 Nxd4 9. Qxd4 Bc5 10. Qd3 b6 11. Bf3 Qe5 12. g3 Bb7 13. Bf4 Qd4 14. Qe2 Bc6
15. a3 b5 16. e5 Nd5 17. Nxd5 Bxd5 18. b3 Ra7 19. Rad1 Bxf3+ 20. Qxf3 Qb2 21.
b4 Bb6 22. Rd6 Bc7 23. Be3 Bxd6 24. exd6 Qxa3 25. c3 Qxc3 26. Rc1 Qxc1+ 27.
Bxc1 O-O 28. Be3 Raa8 29. Qb7 Rfd8 30. Kg2 Kf8 31. Ba7 f6 32. h3 Ke8 33. Qxa6
Rdb8 34. Kf3 Kf7 35. Ke4 g5 36. Kd4 h5 37. Kc5 g4 38. hxg4 hxg4 39. Kd4 Kg6 40.
Ke3 f5 41. Kf4 Kf6 42. Qa1+ Kg6 43. Qd4 Rc8 44. Bc5 Ra3 45. Ke5 Ra4 46. Qe3 Ra1
47. Qe2 Rb8 48. Bd4 Ra6 49. Qc2 Rc6 50. Qa2 Rc1 51. Qa7 Rd8 52. Qb7 Re1+ 53.
Be3 Rd1 54. Bb6 Re1+ 55. Kd4 Rf8 56. Qxd7 f4 57. gxf4 Rxf4+ 58. Kc3 Rc4+ 59.
Kd3 Rcc1 60. Be3 Rcd1+ 61. Ke4 g3 62. fxg3 Rc1 63. Qxe6+ Kg7 64. Qe7+ Kg8 65.
Kf5 Rf1+ 66. Kg6 Rf6+ 67. Qxf6 Rc7 68. Qd8# {QueenMaxima checkmated} 1-0

[Event "ICS rated blitz match"]
[Site "204.178.125.65"]
[Date "2000.10.11"]
[Round "?"]
[White "Hossa"]
[Black "BvdDonk"]
[Result "1-0"]
[WhiteElo "2545"]
[BlackElo "1924"]
[PlyCount "35"]
[EventDate "2000.??.??"]

1. e4 c5 2. Nf3 e6 3. d4 cxd4 4. Nxd4 Nf6 5. Nc3 Nc6 6. Ndb5 d6 7. Bf4 e5 8.
Bg5 a6 9. Na3 Be7 10. Nc4 Nd4 11. Bxf6 Bxf6 12. Nd5 b5 13. Nxf6+ gxf6 14. Ne3
Bb7 15. Bd3 f5 16. exf5 e4 17. Bxe4 Bxe4 18. Qxd4 {BvdDonk resigns} 1-0

[Event "ICS rated blitz match"]
[Site "204.178.125.65"]
[Date "2000.10.11"]
[Round "?"]
[White "QueenMaxima"]
[Black "Hossa"]
[Result "1/2-1/2"]
[WhiteElo "2550"]
[BlackElo "2546"]
[PlyCount "160"]
[EventDate "2000.??.??"]

1. e3 g6 2. d4 Bg7 3. Nc3 d5 4. Nf3 Nf6 5. Bd3 O-O 6. O-O Nc6 7. b3 Nb4 8. Ba3
a5 9. Qd2 Bg4 10. Ne5 Bh5 11. f3 Nxd3 12. Qxd3 g5 13. Qb5 Rb8 14. Qxa5 Ra8 15.
Qc5 Re8 16. Bb4 c6 17. a4 Bg6 18. Nxg6 hxg6 19. Ba3 b6 20. Qb4 g4 21. Ne2 gxf3
22. Rxf3 Ne4 23. Raf1 Ng5 24. R3f2 Ne4 25. Rf3 Ng5 26. Rg3 Bf6 27. Rg4 Qd7 28.
Rgf4 Ne4 29. c4 Qc7 30. cxd5 cxd5 31. Qb5 Qb7 32. Bb4 Rec8 33. a5 Ra6 34. Rc1
Rxc1+ 35. Nxc1 Qc8 36. Ne2 Qa8 37. Rf1 bxa5 38. Ra1 Bh4 39. g3 Bg5 40. Nf4 e6
41. Rxa5 Rxa5 42. Qxa5 Qb7 43. h4 Bf6 44. Kg2 Qb8 45. Qa3 Qc8 46. Qa2 Qc6 47.
h5 gxh5 48. Nxh5 Bg5 49. Nf4 Qb7 50. Ba3 Qa6 51. Qb2 Qa5 52. b4 Qa4 53. b5 Qd1
54. Qc1 Qg4 55. Qe1 Bh4 56. Ne2 Bd8 57. Bb4 Bc7 58. Nf4 Bb6 59. Kh2 Bd8 60. Bc5
Ba5 61. Qg1 e5 62. Nxd5 Qh5+ 63. Kg2 exd4 64. Ne7+ Kf8 65. Nc6+ Qxc5 66. Nxa5
Qxb5 67. Qe1 Nc3 68. Qa1 Qe2+ 69. Kh3 Qxe3 70. Qa3+ Kg7 71. Qd6 d3 72. Nc4 Qe6+
73. Qxe6 fxe6 74. Kg4 e5 75. Kf3 Kf6 76. Ke3 e4 77. Kd4 Na2 78. Kxe4 Kg5 79.
Kxd3 Kg4 80. Na5 Kxg3 {Game drawn because neither player has mating material}
1/2-1/2

[Event "ICS rated blitz match"]
[Site "204.178.125.65"]
[Date "2000.10.11"]
[Round "?"]
[White "Hossa"]
[Black "QueenMaxima"]
[Result "0-1"]
[WhiteElo "2546"]
[BlackElo "2550"]
[PlyCount "126"]
[EventDate "2000.??.??"]

1. e4 c5 2. Nf3 e6 3. d4 cxd4 4. Nxd4 Nc6 5. Nc3 Qc7 6. g3 d6 7. Ndb5 Qb8 8.
Bg2 a6 9. Nd4 e5 10. Nf5 Bxf5 11. exf5 Nge7 12. f6 gxf6 13. Ne4 Ng8 14. O-O f5
15. Nc3 Nf6 16. Re1 Rg8 17. Be3 Be7 18. Nd5 Nxd5 19. Qxd5 Qc7 20. c3 Rd8 21.
Rad1 Ra8 22. b4 Rd8 23. Re2 Rg6 24. a4 Rc8 25. f4 Nd8 26. fxe5 dxe5 27. Rf1
Qxc3 28. Rc1 Qxe3+ 29. Rxe3 Rxc1+ 30. Kf2 e4 31. Qd4 Nc6 32. Qh8+ Bf8 33. b5
axb5 34. axb5 Nd8 35. Qe5+ Re6 36. Qh8 Rd6 37. Re1 Rd2+ 38. Re2 Rd5 39. Bf1 Ne6
40. b6 Rdd1 41. Bh3 Kd7 42. Bxf5 Rf1+ 43. Kg2 Rxf5 44. Qxh7 Rcf1 45. Qh8 Bc5
46. Rd2+ Ke7 47. Qc8 Kf6 48. h4 Rg1+ 49. Kh2 Rff1 50. g4 Rh1+ 51. Kg3 Rf3+ 52.
Kg2 Rxh4 53. g5+ Kg7 54. Qxc5 Nxc5 55. Rc2 Nd3 56. Kg1 e3 57. Kg2 Ne1+ 58. Kg1
Nxc2 59. Kg2 e2 60. Kxf3 e1=Q 61. g6 Qe3+ 62. Kg2 Rg4+ 63. Kh2 Qh6# {
Hossa checkmated} 0-1

[Event "ICS rated blitz match"]
[Site "204.178.125.65"]
[Date "2000.10.11"]
[Round "?"]
[White "BvdDonk"]
[Black "Hossa"]
[Result "0-1"]
[WhiteElo "1923"]
[BlackElo "2530"]
[PlyCount "86"]
[EventDate "2000.??.??"]

1. e4 e5 2. Nf3 Nc6 3. Be2 Nf6 4. d3 d5 5. c3 dxe4 6. dxe4 Qxd1+ 7. Bxd1 Nxe4
8. O-O Nc5 9. b4 Nd3 10. Be3 Be7 11. Ba4 O-O 12. Bxc6 bxc6 13. Nbd2 Rd8 14. Nc4
Rd5 15. Na5 Bd7 16. c4 Rd6 17. c5 Rg6 18. a3 e4 19. Ne1 Bg4 20. Nxd3 exd3 21.
Rfe1 Bf6 22. Rab1 Bf3 23. g3 Bc3 24. Rec1 d2 25. Rxc3 d1=R+ 26. Rxd1 Bxd1 27.
Kg2 Rc8 28. h3 Be2 29. Rc2 Bd3 30. Rd2 Rd8 31. f3 Re6 32. Kf2 Rd5 33. Bf4 Bb5
34. Rxd5 Re2+ 35. Kg1 cxd5 36. Bxc7 Re3 37. Kf2 Rxa3 38. Be5 f6 39. Bd4 Rd3 40.
c6 Rxd4 41. c7 Rd2+ 42. Ke3 Rd3+ 43. Kf2 Rc3 {BvdDonk resigns} 0-1

[Event "ICS rated blitz match"]
[Site "204.178.125.65"]
[Date "2000.10.11"]
[Round "?"]
[White "Hossa"]
[Black "Athlon900"]
[Result "0-1"]
[WhiteElo "2531"]
[BlackElo "2596"]
[PlyCount "90"]
[EventDate "2000.??.??"]

1. e4 e6 2. d4 d5 3. Nc3 dxe4 4. Nxe4 Nc6 5. Nf3 Nge7 6. Bc4 Nf5 7. c3 Nd6 8.
Nxd6+ Bxd6 9. Ng5 Be7 10. Qg4 O-O 11. O-O Bd7 12. Qh5 h6 13. Ne4 Qe8 14. Nc5
Bc8 15. Nd3 a6 16. Bf4 Bd6 17. Rfe1 Bxf4 18. Nxf4 Qe7 19. d5 Na5 20. Bd3 Qf6
21. dxe6 fxe6 22. Re4 Nc6 23. Bc4 b5 24. Qc5 bxc4 25. Qxc6 Rb8 26. Qxc4 Bb7 27.
Rd4 c5 28. Qxc5 e5 29. Rd7 Qxf4 30. Qa7 Qf6 31. f3 Bxf3 32. gxf3 Rxb2 33. Rxg7+
Qxg7+ 34. Qxg7+ Kxg7 35. Rd1 Rxf3 36. c4 Ra3 37. Rd7+ Kf6 38. Rd6+ Kf5 39. Rd1
Raxa2 40. h4 Kg4 41. Re1 Rg2+ 42. Kh1 Rg3 43. Rxe5 Kh3 44. Re2 Rxe2 45. c5 Re1#
{Hossa checkmated} 0-1